| 000 | 00792nam a2200229Ia 4500 | ||
|---|---|---|---|
| 003 | GCL | ||
| 008 | 140319s9999 xx 000 0 ara d | ||
| 040 |
_aGCL / _cGCL |
||
| 082 | 0 | 4 |
_aد _b301.2 _bا ا |
| 100 | 1 | _aادارة البحث العلمى والنشاط الث | |
| 245 | 1 | 0 |
_aافاق الثقافة والتراث / _cادارة البحث العلمى والنشاط الث |
| 260 |
_a[S.N] : _bمركز جمعه الماجد للثقافة والتراث ، _c1993 |
||
| 300 | _a127 ص | ||
| 490 |
_aحقائق للحياة _v0 |
||
| 650 | 0 | 4 | _aالتربية |
| 650 | 0 | 4 | _aالتراث |
| 650 | 0 | 4 | _aالحاسبات الالكترونية |
| 650 | 0 | 4 | _aعلم النفس التربوى |
| 650 | 0 | 4 | _aالثقافة |
| 650 | 0 | 4 | _aالمخطوطات |
| 942 |
_2ddc _cCF |
||
| 999 |
_c27388 _d27388 |
||